00801nam a2200229Ia 4500003000900000008004100009040001600050080002000066245011400086260003700200300001500237650001800252650004900270650002200319650002200341700002900363700002900392700003200421942000700453999001500460952009600475IN-BaIIA211028s9999 xx 000 0 eng d cIIA Library a047.1:52bARA-5 0aAnnual review of astronomy and astrophysicsbvol .5cedited by Leo Goldberg, David Layzer and John G. Philips aCaliforniabAnnual Reviewsc1967 avii, 694p. aAstronomy980 aAstronomy and Astrophysics Thesaurus 91143 aAstrophysics9794 aPeriodicals98952 aGoldberg, Leo, ed.94090 aLayzer, David, ed.94091 aPhilips, John G., ed.97607 cBK c5036d5036 00104070aBANbKAVcGENd1976-09-16l0o047.1:52/ ARA-5p5626r2021-11-05w1976-09-16yBK